| 000 | 005400000a22001810004500 | ||
|---|---|---|---|
| 020 | _a0-89922-232-3 | ||
| 041 | 0 | _aSPA | |
| 082 | 0 | 4 | _aG 268 S5571r |
| 100 | 1 | _aSchipani, Daniel S. | |
| 245 | 1 | 0 | _aEl reino de Dios : Y el ministerio educativo de la iglesia, Fundamentos y principios de educación cristiana / Daniel S. Schipani |
| 260 | _aMiami, FL., USA : Caribe | ||
| 300 | _a213 Pag | ||
| 001 | 7815 | ||
| 942 | _cBK | ||
| 999 |
_c38020 _d38020 |
||
| 336 |
_atexto _btxt _2rdacontent |
||
| 337 |
_2rdamedia _asin mediación _bn |
||
| 338 |
_2rdacarrier _avolumen _bnc |
||